Amore : un sentimento disordinato /
Sábháilte in:
| Príomhchruthaitheoir: | |
|---|---|
| Rannpháirtithe: | |
| Formáid: | LEABHAR |
| Teanga: | Iodáilis |
| Foilsithe / Cruthaithe: |
Milano :
Garzanti,
2010
|
| Sraith: | Saggi
|
| Ábhair: | |
| Clibeanna: |
Níl clibeanna ann, Bí ar an gcéad duine le clib a chur leis an taifead seo!
|
MARC
| LEADER | 00000nam a2200000 i 4500 | ||
|---|---|---|---|
| 001 | IT\ICCU\RAV\1925755 | ||
| 003 | ItRI | ||
| 005 | 20240628091832.0 | ||
| 008 | 100910s2010 it |||||| ||||| |||||c | ||
| 015 | |2 IT |a 2010-7233 | ||
| 020 | |a 9788811601067 | ||
| 040 | |b ita |c CDM | ||
| 041 | 7 | |a ita |2 ISO-639-2 | |
| 082 | |a 152.4 |2 21 | ||
| 100 | 1 | |a Precht, Richard David |0 IT\ICCU\LO1V\353935 | |
| 240 | 1 | 0 | |a Liebe. |9 Precht, Richard David |
| 245 | 1 | 0 | |a Amore : |b un sentimento disordinato / |c Richard David Precht. |
| 260 | |a Milano : |b Garzanti, |c 2010 | ||
| 300 | |a 376 p. ; |c 21 cm | ||
| 500 | |a Traduzione di Lucia Ferrantini. | ||
| 650 | 7 | |a Amore | |
| 700 | 1 | |a Ferrantini, Lucia |0 IT\ICCU\MODV\643368 | |
| 830 | 0 | |a Saggi |0 IT\ICCU\RAV\0025970 | |
| 942 | |2 ddc |c BK | ||
| 952 | |0 0 |1 0 |2 ddc |4 0 |6 152_400000000000000_PRE_AMO |7 1 |9 1528 |a RA |b RA |d 2024-06-28 |l 0 |o 152.4 PRE AMO |p 9277 |r 2024-06-28 09:20:51 |w 2024-06-28 |y BK | ||
| 981 | 1 | |6 z01 |a i |b xxxe | |
| 982 | 1 | |6 z01 |a n | |
| 999 | |c 1345 |d 1345 | ||